00955naa a22002417a 4500001001000000003000900010005001700019007000300036008003400039040005400073041000900127072002000136100002000156111008500176245011300261260003800374500012100412650001600533650001600549650001200565650001800577773011800595BR8302701BR-BrBNA20240918175257.0ta230509b bl.||||| |||| 00| 0 por d aBR-BrBNAbporcBiblioteca Nacional de Agricultura a(Pt) aE15; E50b/G5141 aMicheloto, A.R.1 a4. Encontro Nacional de Geografia AgrariacUberlandia, MG (Brazil)d4-8 Dec 19831 aTupaciguara, 1980: os boias-frias em questao [pesquisa social, salario, nivel de vida, Minas Gerais, Brasil]3 aUberlandia, MG (Brasil): c1983.  aComunicacoes do 4. Encontro Nacional de Geografia Agraria Uberlandia, MG (Brasil): 1983. p. 20-29 (BR8302701-AM)E15  aMAO-DE-OBRA aBAIXA RENDA aSALARIO aNIVEL DE VIDA0 tComunicacoes do 4. Encontro Nacional de Geografia AgrariawE15 BR8302701gUberlandia, MG (Brasil), 1983. p. 20-29